Japans Wege in den Weltmarkt Innovations- und Managementsstrategie japanischer Konzerne

Gespeichert in:
Bibliographische Detailangaben
1. Verfasser: Hartmann, Wolf D.
Format: Buch
Sprache:Deutsch
Veröffentlicht: Berlin Akademie 1984
Tags: Tag hinzufügen
Keine Tags, Fügen Sie das erste Tag hinzu!

MARC

LEADER 00000nam a2200000 4500
001 c106625
005 20041019155137.8
041 0 |a ger 
044 |a DE 
245 1 0 |a Japans Wege in den Weltmarkt  |b Innovations- und Managementsstrategie japanischer Konzerne  |c Wolf D. Hartmann 
264 1 |a Berlin  |b Akademie  |c 1984 
300 |a 195 s. 
100 1 |a Hartmann, Wolf D.